| 000 | 00000nam##2200000za#4500 |
| 001 | 9.697238 |
| 003 | CaOODSP |
| 005 | 20210624235406 |
| 007 | cr ||||||||||| |
| 008 | 150407|2009||||xxc|||||o f|0| 0 eng|d |
| 040 | |aCaOODSP|beng |
| 043 | |an-cn--- |
| 086 | 1 |aM114-30/2009E-PDF |
| 110 | 1 |aCanada. |bNatural Resources Canada. |
| 245 | 10|aQuick guide for CGDI service compliance testing and performance optimization / |h[electronic resource]|c[by] GeoConnections. |
| 260 | |aOttawa - Ontario : |bNatural Resources Canada |cMay 12, 2009. |
| 300 | |a15p.|bfigs., graphs, references, tables |
| 590 | |a13-03-Supp|b2013-02-11 |
| 690 | 07|aCompliance|2gcpds |
| 690 | 07|aGeomatics|2gcpds |
| 775 | 08|tGuide de consultation rapide sur les tests de conformité et l'optimisation de la performance des services de l'ICDG / |w(CaOODSP)9.641299 |
| 856 | 40|ahttp://publications.gc.ca|qPDF|s432 KB|uhttps://publications.gc.ca/collections/collection_2013/rncan-nrcan/M114-30-2009-eng.pdf |